| 000 | 00699nam a22002177a 4500 | ||
|---|---|---|---|
| 005 | 20170124110101.0 | ||
| 010 | _aA-386376 | ||
| 020 |
_c100.00 _a8185209014 |
||
| 035 | _aA-386376 | ||
| 037 | _bCen Lib/Ret | ||
| 040 |
_aDPL _bEN |
||
| 082 |
_a954.09 _bJAI |
||
| 100 |
_aJai, Janak Raj _95661 |
||
| 245 |
_aC.A.G. report, the last nail / _cby Janak Raj Jai |
||
| 260 |
_bRajiv Publications _aNew Delhi |
||
| 270 |
_aB-24/2D/DIZ/SII,Gole Market _bNew Delhi _e110001 |
||
| 300 |
_avii,224p. _c21cm(Hb) |
||
| 650 |
_aIndia -- Armed Forces -- Procurement -- Corrupt practices _927223 |
||
| 650 |
_aIndia -- Politics and government -- 1977 _937 |
||
| 942 |
_2ddc _cEN _h954.09 _mJAI |
||
| 999 |
_c129726 _d129726 |
||